Principles and practice of single implant and restoration / (Record no. 21351)
[ view plain ]
| 000 -LEADER | |
|---|---|
| fixed length control field | 01007cam a22002895a 4500 |
| 001 - CONTROL NUMBER | |
| control field | 18323246 |
| 005 - DATE AND TIME OF LATEST TRANSACTION | |
| control field | 20160309123824.0 |
| 008 - FIXED-LENGTH DATA ELEMENTS--GENERAL INFORMATION | |
| fixed length control field | 141002s2014 moua b 001 0 eng |
| 020 ## - INTERNATIONAL STANDARD BOOK NUMBER | |
| International Standard Book Number | 9781455744763 |
| 020 ## - INTERNATIONAL STANDARD BOOK NUMBER | |
| International Standard Book Number | 145574476X |
| 040 ## - CATALOGING SOURCE | |
| Original cataloging agency | NLM |
| Language of cataloging | eng |
| Transcribing agency | NLM |
| Modifying agency | AU@ |
| -- | OCLCO |
| -- | UOH |
| -- | VET |
| -- | CUD |
| -- | OCLCF |
| -- | DLC |
| -- | EG-ScBUE |
| 082 04 - DEWEY DECIMAL CLASSIFICATION NUMBER | |
| Classification number | 617.69 |
| Edition number | 22 |
| Item number | TOR |
| 100 1# - MAIN ENTRY--PERSONAL NAME | |
| Personal name | Torabinejad, Mahmoud. |
| 9 (RLIN) | 39503 |
| 245 10 - TITLE STATEMENT | |
| Title | Principles and practice of single implant and restoration / |
| Statement of responsibility, etc | Mahmoud Torabinejad, Mohammad A. Sabeti, Charles J. Goodacre. |
| 246 30 - VARYING FORM OF TITLE | |
| Title proper/short title | Single implant and restoration |
| 260 ## - PUBLICATION, DISTRIBUTION, ETC. (IMPRINT) | |
| Place of publication, distribution, etc | Missouri : |
| Name of publisher, distributor, etc | Elsevier / Saunders, |
| Date of publication, distribution, etc | c.2014. |
| 300 ## - PHYSICAL DESCRIPTION | |
| Extent | xviii, 200 p. : |
| Other physical details | ill. (chiefly col.) ; |
| Dimensions | 29 cm. |
| 500 ## - GENERAL NOTE | |
| General note | Index : p. 189-200. |
| 504 ## - BIBLIOGRAPHY, ETC. NOTE | |
| Bibliography, etc | Includes bibliographical references. |
| 650 #7 - SUBJECT ADDED ENTRY--TOPICAL TERM | |
| Topical term or geographic name as entry element | Dental implants. |
| Source of heading or term | BUEsh |
| 9 (RLIN) | 35980 |
| 650 #0 - SUBJECT ADDED ENTRY--TOPICAL TERM | |
| Topical term or geographic name as entry element | Fillings (Dentistry) |
| Source of heading or term | BUEsh |
| 651 ## - SUBJECT ADDED ENTRY--GEOGRAPHIC NAME | |
| Source of heading or term | BUEsh |
| 653 ## - INDEX TERM--UNCONTROLLED | |
| Resource For college | |
| Arrived date list | March2016 |
| 700 1# - ADDED ENTRY--PERSONAL NAME | |
| Personal name | Sabeti, Mohammad A. |
| 700 1# - ADDED ENTRY--PERSONAL NAME | |
| Personal name | Goodacre, Charles J. |
| 942 ## - ADDED ENTRY ELEMENTS (KOHA) | |
| Source of classification or shelving scheme | Dewey Decimal Classification |
| Withdrawn status | Item status | Source of classification or shelving scheme | Damaged status | Not for loan | Vendor | Home library | Current library | Shelving location | Date acquired | Source of acquisition | Cost, normal purchase price | Serial Enumeration / chronology | Total Checkouts | Total Renewals | Full call number | Barcode | Date last seen | Date last borrowed | Cost, replacement price | Koha item type |
|---|---|---|---|---|---|---|---|---|---|---|---|---|---|---|---|---|---|---|---|---|
| Dewey Decimal Classification | Central Library | Central Library | First floor | 09/03/2016 | Purchase | 1320.00 | 583 | 2 | 1 | 617.69 TOR | 000031915 | 15/07/2025 | 22/11/2020 | 1650.00 | Book - Borrowing |